| 000 | 00751nas a2200193 i 4500 | ||
|---|---|---|---|
| 001 | 168415 | ||
| 003 | ES-MaACL | ||
| 005 | 20230906213803.0 | ||
| 008 | 080408 1917 xxk | | ||ng d | ||
| 080 | _a3 | ||
| 245 | 0 | 0 |
_aFabian tracts, nºs. 1 to 184 / _cpublished by The Fabian Society from 1884 to 1917. |
| 260 |
_aLondon : _bThe Fabian Society, _c[1917?] |
||
| 300 |
_a1 vol. (pag. var.) ; _c21 cm. |
||
| 362 | 0 | _a1884-1938. | |
| 505 | 8 | _aContiene nºs.: 1, 5, 7,13, 38, 41, 42, 51, 62, 68, 69, 71, 72, 75, 78, 79, 82, 83, 87, 92, 104, 107, 109, 113, 115, 118, 121, 122, 124, 125, 131, 133, 134, 136-149, 151, 152, 154-184 | |
| 650 | 4 |
_aSocialismo- _zGran Bretaña. _9137561 |
|
| 710 | 0 |
_aFabian Society. _94057 |
|
| 852 |
_aES-MaACL _jF-2452 |
||
| 999 |
_c168415 _d168415 |
||